MARC details
| 000 -CABECERA |
| campo de control de longitud fija |
03678nam a22002777a 4500 |
| 008 - DATOS DE LONGITUD FIJA--INFORMACIÓN GENERAL |
| campo de control de longitud fija |
251020b |||||||| |||| 00| 0 eng d |
| 020 ## - NÚMERO INTERNACIONAL ESTÁNDAR DEL LIBRO |
| Número Internacional Estándar del Libro |
9782253262398 |
| 040 ## - FUENTE DE LA CATALOGACIÓN |
| Centro/agencia transcriptor |
tbs |
| 041 ## - CÓDIGO DE LENGUA |
| Código de lengua del texto/banda sonora o título independiente |
fre |
| Código de lengua original |
eng |
| 100 ## - ENTRADA PRINCIPAL--NOMBRE DE PERSONA |
| Nombre de persona |
Riley, Lucinda |
| Fechas asociadas al nombre |
1965-2021 |
| 9 (RLIN) |
26221 |
| Término indicativo de función/relación |
author |
| 245 ## - MENCIÓN DE TÍTULO |
| Título |
Atlas |
| Resto del título |
: the story of Pa Salt |
| Mención de responsabilidad, etc. |
/ Lucinda Riley, Harry Whittaker ; translated by Marie-Axelle de la Rochefoucauld. |
| 260 ## - PUBLICACIÓN, DISTRIBUCIÓN, ETC. |
| Lugar de publicación, distribución, etc. |
Paris : |
| Nombre del editor, distribuidor, etc. |
Charleston, |
| Fecha de publicación, distribución, etc. |
2023. |
| 300 ## - DESCRIPCIÓN FÍSICA |
| Extensión |
951 pages ; |
| Dimensiones |
18 cm. |
| 490 ## - MENCIÓN DE SERIE |
| Mención de serie |
Seven sisters series |
| 520 ## - SUMARIO, ETC. |
| Sumario, etc. |
1928, Paris — Un garçon est retrouvé, à l’agonie, et recueilli par une famille bienveillante. Doux, précoce et talentueux, il s’épanouit dans son nouveau foyer, où on lui fait découvrir une vie qu’il n’aurait jamais osé imaginer. Mais il refuse de dire un seul mot sur qui il est réellement. En grandissant, tombant amoureux et suivant des cours au prestigieux Conservatoire de Paris, il parvient presque à oublier les terreurs de son passé et la promesse qu’il a juré de tenir. Pourtant, à travers l’Europe, un mal grandit, et nul n’est à l’abri. Au fond de lui, il sait que viendra le moment où il devra fuir à nouveau.<br/><br/>2008, mer Égée — Les sept sœurs sont réunies pour la première fois, à bord du Titan, afin de dire un dernier adieu à leur père énigmatique qu’elles ont tant aimé. À la surprise générale, c’est à la sœur disparue que Pa Salt a choisi de confier l’indice de leurs origines. Mais à chaque vérité révélée surgit une nouvelle question. Les sœurs doivent affronter l’idée que leur père adoré était peut-être un homme qu’elles connaissaient à peine. Plus troublant encore : ces secrets enfouis depuis longtemps pourraient bien avoir des conséquences sur leur présent.<br/><br/>Traversant une vie d’amour et de perte, franchissant les frontières et les océans, Atlas : L’histoire de Pa Salt conclut la saga des Sept Sœurs dans une fin éblouissante et inoubliable. |
| 520 ## - SUMARIO, ETC. |
| Sumario, etc. |
1928, Paris - A boy is found, moments from death, and taken in by a kindly family. Gentle, precocious, talented, he flourishes in his new home, and the family show him a life he hadn’t dreamed possible. But he refuses to speak a word about who is really is. As he grows into a young man, falling in love and taking classes at the prestigious Conservatoire de Paris, he can almost forget the terrors of his past, or the promise he has vowed to keep. But across Europe an evil is rising, and no-one’s safety is certain. In his heart, he knows the time will come where he must flee once more. 2008, the Aegean - The seven sisters are gathered together for the first time, on board the Titan to say a final goodbye to the enigmatic father they loved so dearly. o the surprise of everyone, it is the missing sister who Pa Salt has chosen to entrust with the clue to their pasts. But for every truth revealed, another question emerges. The sisters must confront the idea that their adored father was someone they barely knew. And even more shockingly: that these long-buried secrets may still have consequences for them today. Spanning a lifetime of love and loss, crossing borders and oceans, Atlas: The Story of Pa Salt draws the Seven Sisters series to its stunning, unforgettable conclusion. |
| 650 #0 - PUNTO DE ACCESO ADICIONAL DE MATERIA--TÉRMINO DE MATERIA |
| Término de materia o nombre geográfico como elemento de entrada |
Sisters |
| Subdivisión de forma |
Fiction |
| 9 (RLIN) |
22940 |
| 650 #0 - PUNTO DE ACCESO ADICIONAL DE MATERIA--TÉRMINO DE MATERIA |
| Término de materia o nombre geográfico como elemento de entrada |
Fathers |
| Subdivisión de forma |
Fiction |
| 9 (RLIN) |
26222 |
| 650 #0 - PUNTO DE ACCESO ADICIONAL DE MATERIA--TÉRMINO DE MATERIA |
| Término de materia o nombre geográfico como elemento de entrada |
Fathers and daughters |
| Subdivisión de forma |
Fiction |
| 9 (RLIN) |
22885 |
| 650 #0 - PUNTO DE ACCESO ADICIONAL DE MATERIA--TÉRMINO DE MATERIA |
| Término de materia o nombre geográfico como elemento de entrada |
Adopted children |
| Subdivisión de forma |
Fiction |
| 9 (RLIN) |
26223 |
| 650 #0 - PUNTO DE ACCESO ADICIONAL DE MATERIA--TÉRMINO DE MATERIA |
| Término de materia o nombre geográfico como elemento de entrada |
Family secrets |
| Subdivisión de forma |
Fiction |
| 9 (RLIN) |
23679 |
| 651 #0 - PUNTO DE ACCESO ADICIONAL DE MATERIA--NOMBRE GEOGRÁFICO |
| Nombre geográfico |
Paris (France) |
| Subdivisión de forma |
Fiction |
| 9 (RLIN) |
26224 |
| 655 #0 - TÉRMINO DE INDIZACIÓN--GÉNERO/FORMA |
| Datos o término principal de género/forma |
Historical fiction |
| 9 (RLIN) |
22722 |
| 700 ## - ENTRADA AGREGADA--NOMBRE PERSONAL |
| Nombre de persona |
Rochefoucauld, Marie-Axelle de la |
| 9 (RLIN) |
26225 |
| Término indicativo de función/relación |
translator |
| 942 ## - ELEMENTOS DE ENTRADA AGREGADA (KOHA) |
| Fuente del sistema de clasificación o colocación |
Clasificación de Library of Congress |